Sports Quiz

Random Sports or WWE Quiz

Pro Wrestlers by Mug Shot Quiz Stats

Quiz Updated Nov 15, 2012

Challenge
Share
Tweet
Score 0/35 Timer 08:00
22 Plays Today
Wrestler % Correct
Steve Austin
97%
Andre the Giant
92.9%
The Big Show
91%
Ric Flair
89.5%
Brock Lesnar
85.6%
Chris Jericho
80.4%
Eddie Guerrero
74%
Jeff Hardy
71.7%
Matt Hardy
70.5%
Kevin Nash
70%
Scott Hall
67.9%
Lita
67.2%
Kurt Angle
66.9%
Shawn Michaels
64%
Sid Vicious
57%
Sean Waltman (X-Pac)
55.5%
Scott Steiner
55.2%
Santino Marella
54.1%
Wrestler % Correct
Kharma/Awesome Kong
50.3%
Ted DiBiase, Jr.
49.9%
Lex Luger
49.6%
Jimmy Uso
48.9%
The Sandman
47.5%
Jim Neidhart
47.2%
Wade Barrett
45.1%
Billy Gunn
42.9%
Buff Bagwell
42.4%
Booker T
39.9%
Shane Helms (The Hurricane)
39.7%
Test
34%
Christopher Daniels
33.7%
Montel Vontavious Porter
33.6%
Alex Riley
31.2%
Marty Jannetty
30.1%
Tyson Tomko
27.2%

You're not logged in!

Compare scores with friends on all Sporcle quizzes.
Join for Free
OR
Log In

You Might Also Like...

Show Comments

Extras

Top Quizzes Today


Score Distribution

Your Account Isn't Verified!

In order to create a playlist on Sporcle, you need to verify the email address you used during registration. Go to your Sporcle Settings to finish the process.

Report this User

Report this user for behavior that violates our Community Guidelines.

Details: